书目信息 |
| 题名: |
战略管理
|
|
| 作者: | 陈明 , 孟鹰 , 余来文 编著 | |
| 分册: | ||
| 出版信息: | 北京 经济管理出版社 2014.8 |
|
| 页数: | 392页 | |
| 开本: | 24cm | |
| 丛书名: | ||
| 单 册: | ||
| 中图分类: | F272.1 | |
| 科图分类: | ||
| 主题词: | 企业管理--qi ye guan li--战略管理--高等学校--教材 | |
| 电子资源: | ||
| ISBN: | 978-7-5096-3230-7 | |
| 000 | 01195nam0 22002891 450 | |
| 001 | 0116132752 | |
| 005 | 20161219101119.67 | |
| 010 | @a978-7-5096-3230-7@dCNY58.00 | |
| 100 | @a20140922d2014 em y0chiy50 ea | |
| 101 | 0 | @achi |
| 102 | @aCN@b110000 | |
| 105 | @ay z 000yy | |
| 106 | @ar | |
| 200 | 1 | @a战略管理@9zhan lue guan li@e理论、应用和中国案例@dStrategic management@etheory,application and cases in China@f陈明,孟鹰,余来文编著@zeng |
| 210 | @a北京@c经济管理出版社@d2014.8 | |
| 215 | @a392页@d24cm | |
| 300 | @a“十二五”高等院校工商管理专业精品课程系列/叶仁荪、李良智总主编 工商管理系列教材 | |
| 330 | @a本书内容包括:战略管理导论、外部环境分析、内部资源分析、战略目标分析、企业战略的类型、战略的选择评估、战略风险与控制等。 | |
| 510 | 1 | @aStrategic management@etheory,application and cases in China@zeng |
| 517 | 1 | @a理论、应用和中国案例@9li lun ying yong he zhong guo an li |
| 606 | 0 | @a企业管理@9qi ye guan li@x战略管理@x高等学校@j教材 |
| 690 | @aF272.1@v5 | |
| 701 | 0 | @a陈明@9chen ming@f(1968.2~)@4编著 |
| 701 | 0 | @a孟鹰@9meng ying@c(女)@4编著 |
| 701 | 0 | @a余来文@9yu lai wen@4编著 |
| 801 | 0 | @aCN@bTANGWEI@c20161216 |
| 905 | @b0952919-23@dF272.1@e1334@f5 | |
| 战略管理:理论、应用和中国案例=Strategic management:theory,application and cases in China/陈明,孟鹰,余来文编著.-北京:经济管理出版社,2014.8 |
| 392页;24cm |
| “十二五”高等院校工商管理专业精品课程系列/叶仁荪、李良智总主编 工商管理系列教材 |
| ISBN 978-7-5096-3230-7:CNY58.00 |
| 本书内容包括:战略管理导论、外部环境分析、内部资源分析、战略目标分析、企业战略的类型、战略的选择评估、战略风险与控制等。 |
| ● |
| 相关链接 |
|
|
|
|
正题名:战略管理
索取号:F272.1/1334
 
预约/预借
| 序号 | 登录号 | 条形码 | 馆藏地/架位号 | 状态 | 备注 |
| 1 | 0952919 | 209529198 | 第一样本阅览室/ [索取号:F272.1/1334] | 在馆 | |
| 2 | 0952920 | 209529205 | 第一借阅区/ [索取号:F272.1/1334] | 在馆 | |
| 3 | 0952921 | 209529214 | 第一借阅区/ [索取号:F272.1/1334] | 在馆 | |
| 4 | 0952922 | 209529223 | 第一借阅区/ [索取号:F272.1/1334] | 在馆 | |
| 5 | 0952923 | 209529232 | 第一借阅区/ [索取号:F272.1/1334] | 在馆 |